<?xml version="1.0" encoding="UTF-8"?>
<record
    xmlns:xsi="http://www.w3.org/2001/XMLSchema-instance"
    xsi:schemaLocation="http://www.loc.gov/MARC21/slim http://www.loc.gov/standards/marcxml/schema/MARC21slim.xsd"
    xmlns="http://www.loc.gov/MARC21/slim">

  <leader>02121nam a22004097a 4500</leader>
  <controlfield tag="003">OSt</controlfield>
  <controlfield tag="005">20240228141132.0</controlfield>
  <controlfield tag="008">100322s2012    mx         000 0 spa d</controlfield>
  <datafield tag="020" ind1=" " ind2=" ">
    <subfield code="a">9786078092376</subfield>
  </datafield>
  <datafield tag="040" ind1=" " ind2=" ">
    <subfield code="a">DO-SdBNP</subfield>
    <subfield code="b">spa</subfield>
    <subfield code="c">BNPHU</subfield>
  </datafield>
  <datafield tag="082" ind1=" " ind2=" ">
    <subfield code="a">xxxx</subfield>
    <subfield code="b">xxxx</subfield>
  </datafield>
  <datafield tag="245" ind1="0" ind2="0">
    <subfield code="a">Dramaturgia de Iberescena :</subfield>
    <subfield code="b">antolog&#xED;a /</subfield>
    <subfield code="c">Beatriz Catani...[et al] ; pr&#xF3;logo Jaime Chabaud ; presentaci&#xF3;n Alegr&#xED;a Mart&#xED;nez</subfield>
  </datafield>
  <datafield tag="260" ind1=" " ind2=" ">
    <subfield code="a">Churubusco-Coyoac&#xE1;n, M&#xE9;xico :</subfield>
    <subfield code="b">Agencia Espa&#xF1;ola de Cooperaci&#xF3;n Internacional para el Desarrollo,</subfield>
    <subfield code="b">Fondo de Ayudas ara las Artes Esc&#xE9;nicas Iberoamericanas.</subfield>
    <subfield code="c">2012.</subfield>
  </datafield>
  <datafield tag="300" ind1=" " ind2=" ">
    <subfield code="a">435 p. :</subfield>
    <subfield code="c">21 cm.</subfield>
  </datafield>
  <datafield tag="490" ind1=" " ind2=" ">
    <subfield code="a">Dramaturgia ;</subfield>
    <subfield code="a">Paso de gato ;</subfield>
  </datafield>
  <datafield tag="505" ind1=" " ind2=" ">
    <subfield code="t">Pr&#xF3;logo --</subfield>
    <subfield code="r">Jaime Chabaud /</subfield>
    <subfield code="t">Presentaci&#xF3;n --</subfield>
    <subfield code="r">Alegr&#xED;a Mart&#xED;nez /</subfield>
    <subfield code="t">Proyecto distancias --</subfield>
    <subfield code="r">Beatriz Catani y &#xD3;scar Cornago /</subfield>
    <subfield code="t">La dama de los evangelios --</subfield>
    <subfield code="r">Elisa Lucas  /</subfield>
    <subfield code="t">Medusa --</subfield>
    <subfield code="r">Ximena Carrera /</subfield>
    <subfield code="t">Ponocho y Frankenstein le tienen miedo a Harrison Ford --</subfield>
    <subfield code="r">Fabio Rubiano /</subfield>
    <subfield code="t">Vac&#xED;o --</subfield>
    <subfield code="r">Roxana &#xC1;vila y Ailyn Morera /</subfield>
    <subfield code="t">Kay-Pacha --</subfield>
    <subfield code="r">Juan Francisco Moreno Montenegro /</subfield>
    <subfield code="t">Los cuerpos perdidos --</subfield>
    <subfield code="r">Jos&#xE9; Manuel Mora /</subfield>
    <subfield code="t">&#xBF;Qu&#xE9; entiendes t&#xFA; por amor? --</subfield>
    <subfield code="r">Berta Hiriart /</subfield>
    <subfield code="t">Dulce sue&#xF1;o, Ag&#xFA; Dad&#xE1; --</subfield>
    <subfield code="r">Maritza Kirchhausen /</subfield>
    <subfield code="t">A la espera --</subfield>
    <subfield code="r">Elizabeth Ovalle /</subfield>
    <subfield code="t">Shangau --</subfield>
    <subfield code="r">Gabriel Peveroni /</subfield>
  </datafield>
  <datafield tag="590" ind1=" " ind2=" ">
    <subfield code="a">Inventariado, 2021/ YL</subfield>
  </datafield>
  <datafield tag="590" ind1=" " ind2=" ">
    <subfield code="a">La biblioteca posee un (1) ejemplar autografiado por el autor. </subfield>
  </datafield>
  <datafield tag="700" ind1="1" ind2="2">
    <subfield code="a">Chabaud, Jaime</subfield>
    <subfield code="9">78203</subfield>
    <subfield code="e">prol.</subfield>
  </datafield>
  <datafield tag="700" ind1="1" ind2="2">
    <subfield code="a">Mart&#xED;nez, Alegr&#xED;a </subfield>
    <subfield code="9">73181</subfield>
    <subfield code="e">pres.</subfield>
  </datafield>
  <datafield tag="700" ind1="1" ind2="2">
    <subfield code="a">Catani, Beatriz</subfield>
    <subfield code="9">26932</subfield>
  </datafield>
  <datafield tag="700" ind1="1" ind2="2">
    <subfield code="a">Cornago, &#xD3;scar</subfield>
    <subfield code="9">78204</subfield>
  </datafield>
  <datafield tag="700" ind1="1" ind2="2">
    <subfield code="a">Pichardo, Jos&#xE9; Adolfo,</subfield>
    <subfield code="d">1964-</subfield>
    <subfield code="9">26369</subfield>
  </datafield>
  <datafield tag="700" ind1="1" ind2="2">
    <subfield code="a">Carrera, Ximena</subfield>
    <subfield code="9">1538</subfield>
  </datafield>
  <datafield tag="700" ind1="1" ind2="2">
    <subfield code="a">Rubiano, Fabio</subfield>
    <subfield code="9">78211</subfield>
  </datafield>
  <datafield tag="700" ind1="1" ind2="2">
    <subfield code="a">&#xC1;vila, Roxana</subfield>
    <subfield code="9">78212</subfield>
  </datafield>
  <datafield tag="700" ind1="1" ind2="2">
    <subfield code="a">Morera, Ailyn</subfield>
    <subfield code="9">78213</subfield>
  </datafield>
  <datafield tag="700" ind1="1" ind2="2">
    <subfield code="a">Moreno Montenegro, Juan Francisco</subfield>
    <subfield code="9">78214</subfield>
  </datafield>
  <datafield tag="700" ind1="1" ind2="2">
    <subfield code="a">Mora, Jos&#xE9; Manuel </subfield>
    <subfield code="9">78215</subfield>
  </datafield>
  <datafield tag="700" ind1="1" ind2="2">
    <subfield code="a">Hiriart, Berta</subfield>
    <subfield code="9">78216</subfield>
  </datafield>
  <datafield tag="700" ind1="1" ind2="2">
    <subfield code="a">Kirchhausen, Maritza</subfield>
    <subfield code="9">78217</subfield>
  </datafield>
  <datafield tag="700" ind1="1" ind2="2">
    <subfield code="a">Ovalle, Elizabeth</subfield>
    <subfield code="9">73181</subfield>
  </datafield>
  <datafield tag="700" ind1="1" ind2="2">
    <subfield code="a">Peveroni, Gabriel </subfield>
    <subfield code="9">78218</subfield>
  </datafield>
  <datafield tag="830" ind1=" " ind2=" ">
    <subfield code="a">Dramaturgia </subfield>
    <subfield code="p">Paso de gato</subfield>
    <subfield code="9">78219</subfield>
  </datafield>
  <datafield tag="910" ind1=" " ind2=" ">
    <subfield code="a">YLOCKWARD</subfield>
  </datafield>
  <datafield tag="942" ind1=" " ind2=" ">
    <subfield code="2">ddc</subfield>
    <subfield code="c">LBS1</subfield>
  </datafield>
  <datafield tag="952" ind1=" " ind2=" ">
    <subfield code="0">0</subfield>
    <subfield code="1">0</subfield>
    <subfield code="2">ddc</subfield>
    <subfield code="7">1</subfield>
    <subfield code="8">MO</subfield>
    <subfield code="a">BNPHU</subfield>
    <subfield code="b">BNPHU</subfield>
    <subfield code="c">CT</subfield>
    <subfield code="d">2021-01-26</subfield>
    <subfield code="e">Elizabeth Ovalle</subfield>
    <subfield code="l">0</subfield>
    <subfield code="o">xxxx xxxx</subfield>
    <subfield code="p">2021-1084</subfield>
    <subfield code="r">2021-03-22</subfield>
    <subfield code="w">2021-03-22</subfield>
    <subfield code="y">LBS1</subfield>
  </datafield>
  <datafield tag="952" ind1=" " ind2=" ">
    <subfield code="0">0</subfield>
    <subfield code="1">0</subfield>
    <subfield code="2">ddc</subfield>
    <subfield code="7">1</subfield>
    <subfield code="8">MO</subfield>
    <subfield code="a">BNPHU</subfield>
    <subfield code="b">BNPHU</subfield>
    <subfield code="c">CT</subfield>
    <subfield code="d">2021-01-26</subfield>
    <subfield code="e">Elizabeth Ovalle</subfield>
    <subfield code="l">0</subfield>
    <subfield code="o">xxxx xxxx</subfield>
    <subfield code="p">2021-1085</subfield>
    <subfield code="r">2021-03-22</subfield>
    <subfield code="t">e. 2</subfield>
    <subfield code="w">2021-03-22</subfield>
    <subfield code="y">LBS1</subfield>
  </datafield>
  <datafield tag="999" ind1=" " ind2=" ">
    <subfield code="c">49647</subfield>
    <subfield code="d">49647</subfield>
  </datafield>
</record>
